Welcome to WEB OPAC of MRSPTU Central Library

Molecular reactions and photoChemistry (Record no. 487)

MARC details
000 -LEADER
fixed length control field 00416nam a2200157Ia 4500
008 - FIXED-LENGTH DATA ELEMENTS--GENERAL INFORMATION
fixed length control field 230711s9999||||xx |||||||||||||| ||und||
041 ## - LANGUAGE CODE
Language code of text/sound track or separate title ENG
082 ## - DEWEY DECIMAL CLASSIFICATION NUMBER
Classification number 540
Item number DE-M
100 ## - MAIN ENTRY--PERSONAL NAME
Personal name Charles H. DePuy
245 #0 - TITLE STATEMENT
Title Molecular reactions and photoChemistry
250 ## - EDITION STATEMENT
Edition statement 2nd . Ed.
260 ## - PUBLICATION, DISTRIBUTION, ETC.
Date of publication, distribution, etc. 1988
Place of publication, distribution, etc. New Delhi
Name of publisher, distributor, etc. Prentice-Hall of India Private Limited
650 ## - SUBJECT ADDED ENTRY--TOPICAL TERM
Topical term or geographic name entry element Chemistry
700 ## - ADDED ENTRY--PERSONAL NAME
Personal name Orville L. Chapman
942 ## - ADDED ENTRY ELEMENTS (KOHA)
Koha item type Book
Holdings
Withdrawn status Lost status Damaged status Not for loan Collection Home library Current library Date acquired Total checkouts Full call number Barcode Date last seen Date last checked out Price effective from Koha item type
          MRSPTU Central Library MRSPTU Central Library   1 540 DE-M 2251 03/11/2026 02/20/2026 08/17/2023 Book
          MRSPTU Central Library MRSPTU Central Library     540 DE-M 2252 08/17/2023   08/17/2023 Book
          MRSPTU Central Library MRSPTU Central Library     540 DE-M PBB2251 08/17/2023   08/17/2023 Book
          MRSPTU Central Library MRSPTU Central Library     540 DE-M PBB2252 08/17/2023   08/17/2023 Book

Website Designed and Developed by MRSPTU Central Library Team

E-mail Id: librarian@mrsptu.ac.in